Código de comercio: edición oficial, aprobada por decreto N§ 459 de 12 de mayo de 1995 del Ministerio de Justicia, apéndice actualizado a abril de 1997
I tiakina i:
| Hōputu: | Pukapuka |
|---|---|
| Reo: | Pāniora |
| I whakaputaina: |
Santiago
Júridica
1997
|
| Putanga: | 13a. ed |
| Ngā marau: | |
| Ngā Tūtohu: |
Tāpirihia he Tūtohu
Kāore He Tūtohu, Me noho koe te mea tuatahi ki te tūtohu i tēnei pūkete!
|
MARC
| LEADER | 00000nam a2200000 a 4500 | ||
|---|---|---|---|
| 001 | UCS6251 | ||
| 003 | CL-VaPUC | ||
| 008 | 970917e19970000CL |||||||||||||||||spa|d | ||
| 082 | 0 | 4 | |a 346.8307 |b COD |2 21 |
| 245 | 1 | 0 | |a Código de comercio: edición oficial, aprobada por decreto N§ 459 de 12 de mayo de 1995 del Ministerio de Justicia, apéndice actualizado a abril de 1997 |
| 250 | |a 13a. ed | ||
| 300 | |a 992 p | ||
| 942 | |c BK | ||
| 945 | |d 19970917 00:00:00 |a jquezada | ||
| 260 | |a Santiago |b Júridica |c 1997 | ||
| 500 | |a Apéndice actualizado a Abril de 1997 | ||
| 650 | 0 | |a Código de comercio |9 329302 | |
| 650 | 0 | |a Agentes comerciales |9 391845 | |
| 650 | 7 | |a CONTRATOS MERCANTILES |2 CL-VaPUC |9 391846 | |
| 650 | 0 | |a Comercio marítimo |9 352895 | |
| 583 | |a last modification |c 20111014 10:51:31 |k Rodrigo Vera | ||
| 999 | |c 262196 |d 262194 | ||
| 952 | |0 0 |1 0 |4 0 |6 346_830700000000000_COD_1997 |7 0 |8 A |9 290438 |a BIBDER |b BIBDER |d 2019-11-19 |i 3344525 |o 346.8307 COD 1997 |p 3344525 |r 2023-01-25 |w 2019-11-19 |y BK |k DER | ||